Play in Special Needs Elementary Schools Applied as Intervention by Teachers and Professional to Students with Autism/Is Play an Effective Way of Intervention or Not? (Record no. 8411)
[ view plain ]
| 000 -LEADER | |
|---|---|
| fixed length control field | 01127cam a22001934a 4500 |
| 005 - ΗΜΕΡΟΜΗΝΙΑ ΚΑΙ ΩΡΑ ΤΕΛΕΥΤΑΙΑΣ ΕΝΗΜΕΡΩΣΗΣ | |
| Πεδίο ελέγχου | 20250605164335.0 |
| 008 - FIXED-LENGTH DATA ELEMENTS--GENERAL INFORMATION | |
| Πεδίο ελέγχου σταθερού μήκους | 250528s ||||||||||||||||||||||||d |
| 035 ## - SYSTEM CONTROL NUMBER | |
| System control number | 23388 |
| 040 ## - ΠΗΓΗ ΚΑΤΑΛΟΓΟΓΡΑΦΗΣΗΣ | |
| Φορέας πρωτότυπης καταλογογράφησης | MC Athens Campus Library |
| Γλώσσα καταλογογράφησης | Ελληνικά, Μοντέρνα (1453-) |
| Modifying agency | MC Athens Campus Library |
| Κανόνες περιγραφικής καταλογογράφησης | AACR2 |
| 245 1# - ΤΙΤΛΟΣ ΚΑΙ ΔΗΛΩΣΗ ΥΠΕΥΘΥΝΟΤΗΤΑΣ | |
| Τίτλος | Play in Special Needs Elementary Schools Applied as Intervention by Teachers and Professional to Students with Autism/Is Play an Effective Way of Intervention or Not? |
| 260 ## - PUBLICATION, DISTRIBUTION, ETC. | |
| Date of publication, distribution, etc. | 2018 |
| 300 ## - PHYSICAL DESCRIPTION | |
| Extent | 85 |
| 520 ## - SUMMARY, ETC. | |
| Summary, etc. | Abstract, Literature Review, Introduction, Definitions of Autism and Analysis on the Causes and Treatment and Impact It Has on Elementary School, Ways of Intervention, Forms of Play Therapy, Perception of Elementary School Teachers Regarding Play as an Intervention Mechanism, Evaluation of Play Therapy in Autistic Cases, Method, Design, Participants, Material, Procedure, Ethical Considerations, Data Collection, Data Analysis, Credibility Check, Thematic Analysis, Perception About Play, Discussion, Conclusion, References, Appendices. |
| 700 1# - ΠΡΟΣΘΕΤΗ ΑΝΑΓΡΑΦΗ--ΦΥΣΙΚΟ ΠΡΟΣΩΠΟ | |
| Personal name | Charitou Sofia |
| 9 (RLIN) | 8945 |
| 700 1# - ΠΡΟΣΘΕΤΗ ΑΝΑΓΡΑΦΗ--ΦΥΣΙΚΟ ΠΡΟΣΩΠΟ | |
| Personal name | Papakiako Lorena |
| 9 (RLIN) | 8948 |
| 942 ## - ADDED ENTRY ELEMENTS (KOHA) | |
| Koha item type | Διπλωματική εργασία |
| Τύπος τεκμηρίου | Βιβλιοθήκη | Τρέχουσα τοποθεσία | Barcode | Ημερομηνία απόκτησης | Ταξιθετικό σύμβολο | Αριθμός αντιτύπου | Κατάσταση απόσυρσης | Κατάσταση χαμένου | Κατάσταση κατεστραμμένου | Μη δανεισμός | Σύνολο δανεισμών | Ημερομηνία τελευταίας εμφάνισης | Η τιμή ισχύει από |
|---|---|---|---|---|---|---|---|---|---|---|---|---|---|
| Διπλωματική εργασία | MC Athens Campus Library | MC Athens Campus Library | 9780000084101 | 05/06/2025 | EDU 2018 (13) | 1 | 05/06/2025 | 05/06/2025 |